| 000 | 00570nam a22002057a 4500 | ||
|---|---|---|---|
| 999 |
_c171 _d171 |
||
| 003 | OSt | ||
| 005 | 20191016150049.0 | ||
| 008 | 140710b xxu||||| |||| 00| 0 eng d | ||
| 020 | _a0470859121 | ||
| 040 | _cDNLM | ||
| 082 |
_aQY4 S62d 2005 _bS |
||
| 100 |
_aEdited by Crocker, John; Burnett, David _9451 |
||
| 245 | _aThe Science of Laboratory Diagnosis | ||
| 250 | _a2nd ed. | ||
| 260 |
_aChichester: _bJohn Wiley, _c2005 |
||
| 300 |
_axxi,542p; _bcol.ill _c27cm |
||
| 504 | _aReferences, & index included. | ||
| 650 |
_aLaboratory diagnosis _9428 |
||
| 942 |
_2z _cO_SHELF |
||